000 00868nam a2200277 a 4500
008
020 _a9781781253731 (hardback)
040 _aNUST
_cNUST
049 _aMAIN
090 _aHD57.7
_bBEV
100 1 _aBevan, Judi.,
_aauthor.
245 1 0 _aBringing business to Oxford :
_bthe story behind the SAID business school/
_c Judi Bevan.
260 _aLondon :
_bProfile Books,
_c2015.
300 _axvi, 176 pages :
_billustrations (chiefly colour) ;
_c23 cm.
336 _atext
_btxt
_2rdacontent
337 _aunmediated
_bn
_2rdamedia
338 _avolume
_bnc
_2rdacarrier
500 _aIncludes index.
650 _aLeadership.
650 _aBusiness schools.
650 _aBusiness education.
907 _a.b10402688
_b11-03-22
_c21-05-21
003
005 20230123141156.0
942 _cBOOKS
_kHD57.7
_mBEV
999 _c168966
_d168966